000 01832nam a22003257a 4500
003 OSt
005 20260321073644.0
007 ta
008 210201e2019 ddra|||gr|||| 001 e spa d
020 _a9789945590883 (tapa dura)
020 _a978-9945-590-86-9 (tapa blanda)
040 _aDO-SdBNP
_bspa
_cBNPHU
082 4 _a320.97293
_bF363i
_222
100 1 _aFernández, Leonel,
_d1953-
_97291
245 1 _aIdeas en conflicto :
_bdiálogo póstumo entre Juan Bosch y John Bartloe Martin /
_cLeonel Fernández, edición, Noris Eusebio Pol.
260 _aSanto Domingo :
_bFUNGLODE,
_c2019.
300 _a418 p. :
_bil. , retrs. ;
_c23 cm.
490 _aPolítica
500 _aIncluye referencias bibliográficas y notas al pié de las páginas.
505 0 _aAbreviaciones --
_tPrólogo --
_gCanto I :
_tVidas paralelas --
_gCanto II :
_tHerencia sangrienta --
_gCapitulo III :
_tBajo dictadura --
_gCapitulo IV :
_tA la muerte de Trujillo --
_gCapitulo V :
_tEl Consejo de Estado --
_gCapitulo VI :
_tEstructura social dominicana --
_gCanto VII :
_tRumbo a la demogracia --
_gCanto VIII :
_tLa toma de posesión --
_gCanto IX:
_tComunismo y democracia --
_gCanto X :
_tRelaciones ambivalentes --
_gCanto XI :
_tEl conflicto con Hait161 --
_gCanto XII :
_tEl golpe --
_gCanto XIII :
_tRevuelta popular --
_gCanto XIV :
_tEl revuelta popular --
_tReferencias --
_tAnexo: Conquistador en caqui
600 1 0 _a Bosch, Juan,
_d1909-2001
_976555
600 1 4 _aMartin, John Bartlow,
_d1915-1987.
_945352
651 4 _aEstados Unidos
_xRelaciones
_zRepública Dominicana
_92531
651 4 _aRepública Dominicana
_xRelaciones
_zEstados Unidos
_92530
700 1 _aPol, Noris Eusebio,
_eedi.
_977718
710 1 _4Fundación Global Democracia y Desarrollo
830 _pPolítica
_92269
910 _aValidado. Control de calidad MFF
942 _2ddc
_cLBS1
999 _c49347
_d49347